Sport By Letter- A - Statistics

General Stats
  • This quiz has been taken 23 times
  • The average score is 9 of 15
Answer Stats
Hint Answer % Correct
Home of the Hawks, Falcons & Braves Atlanta
95%
Olympic sport involving arrows Archery
90%
Birthplace of the Olympic Games Athens
90%
Two Time Fifa World Cup winners (Country) Argentina
80%
The only state along with Maine to never have a college reach the NCAA men's Basketball tournament Alaska
75%
Home of the U.S Masters Tournament Augusta National Golf Club
75%
Birth Country of NBA superstar Kyrie Irving Australia
75%
Tottenham's North London rival Arsenal
70%
English Racecourse heavily associated with the Royal Family Ascot
55%
Nation that became the most recent International Cricket Council full member along with Ireland Afghanistan
50%
Liverpool FC's Stadium Anfield
45%
Host city of the 1920 Summer Olympic Games Antwerp
40%
Legendary Spanish F1 Driver with 2 World Driver's Championships Fernando Alonso
40%
Alternative name for 'synchronised swimming' Artistic Swimming
20%
Legendary UFC featherweight Champion with 7 title defences Jose Aldo
20%
No matching quizzes found
Score Distribution
Percent of People with Each Score
Percentile by Number Answered
Your Score History
You have not taken this quiz